Inventors-Inventions Match Quiz Stats

 Plays Quiz Updated Jul 3, 2018

Also try: Famous Inventors
Challenge
Share
Tweet
Embed
Score 0/78 Timer 10:00
2 Plays Today
% Correct
L. Strauss - blue jeans
79.8%
L. Strauss - blue jeans
79.7%
L. Strauss - blue jeans
79.7%
B. Franklin - lens
79.1%
B. Franklin - lens
79.1%
T. Edison - phonograph
79%
B. Franklin - lens
79%
T. Edison - phonograph
78.9%
T. Edison - phonograph
78.8%
E. Whitney - cotton gin
76.9%
E. Whitney - cotton gin
76.9%
E. Whitney - cotton gin
76.9%
J. Deere - steel plow
71.5%
J. Deere - steel plow
71.5%
J. Deere - steel plow
71.5%
A. Nobel - dynamite
70.8%
A. Nobel - dynamite
70.8%
A. Nobel - dynamite
70.7%
S. Colt - revolver
70.7%
S. Colt - revolver
70.6%
S. Colt - revolver
70.5%
J. Cousteau - scuba
69%
J. Cousteau - scuba
69%
J. Cousteau - scuba
68.9%
S. Morse - telegraph
68.7%
S. Morse - telegraph
68.7%
S. Morse - telegraph
68.6%
N. Tesla - current
67.3%
N. Tesla - current
67.2%
N. Tesla - current
67.1%
J. Gutenberg - printing
66.4%
J. Gutenberg - printing
66.4%
J. Gutenberg - printing
66.4%
J. Kellogg - cereal
60.9%
J. Kellogg - cereal
60.9%
J. Kellogg - cereal
60.8%
D. Gerber - baby food
53.7%
D. Gerber - baby food
53.7%
D. Gerber - baby food
53.6%
% Correct
K.C. Gillette - razor
52.4%
K.C. Gillette - razor
52.4%
K.C. Gillette - razor
52.4%
J. Naismith - basketball
47.8%
J. Naismith - basketball
47.7%
J. Naismith - basketball
47.7%
G. Marconi - radio
46%
G. Marconi - radio
46%
G. Marconi - radio
46%
E. Fermi - nuclear
44.5%
E. Fermi - nuclear
44.5%
E. Fermi - nuclear
44.4%
I. Sikorsky - helicopter
40.5%
I. Sikorsky - helicopter
40.5%
B. Pascal - adding
40.4%
B. Pascal - adding
40.3%
I. Sikorsky - helicopter
40.3%
B. Pascal - adding
40.3%
R. Fulton - steamboat
40.1%
R. Fulton - steamboat
40.1%
R. Fulton - steamboat
40.1%
G. Eastman - roll film
39.9%
G. Eastman - roll film
39.9%
G. Eastman - roll film
39.8%
W. Röntgen - X-ray
31.1%
W. Röntgen - X-ray
31%
W. Röntgen - X-ray
31%
T. Berners-Lee - WWW
26.6%
T. Berners-Lee - WWW
26.5%
T. Berners-Lee - WWW
26.4%
E. Howe - sewing
22.4%
E. Howe - sewing
22.4%
E. Howe - sewing
22.3%
F. Whittle - jet engine
16.9%
F. Whittle - jet engine
16.9%
F. Whittle - jet engine
16.8%
G. Pincus - contraceptive
11.7%
G. Pincus - contraceptive
11.6%
G. Pincus - contraceptive
11.6%

You're not logged in!

Compare scores with friends on all Sporcle quizzes.
OR
Log In

You Might Also Like...

Show Comments

Extras

Top Quizzes Today


Score Distribution

Your Account Isn't Verified!

In order to create a playlist on Sporcle, you need to verify the email address you used during registration. Go to your Sporcle Settings to finish the process.

Report this User

Report this user for behavior that violates our Community Guidelines.

Details: